Deuda externa Chilena y negociación (1983-1989). Aspectos jurídicos-económicos
Guardado en:
| Autor principal: | |
|---|---|
| Formato: | Desconocido |
| Lenguaje: | inglés |
| Publicado: |
Valencia, España:
Tirant lo Blanch,
2024
|
| Colección: | Empresas
|
| Materias: | |
| Etiquetas: |
Agregar Etiqueta
Sin Etiquetas, Sea el primero en etiquetar este registro!
|
MARC
| LEADER | 00000 a2200000 4500 | ||
|---|---|---|---|
| 003 | CL-VaPUC | ||
| 005 | 20240805155449.0 | ||
| 008 | 240425t2024 ||||| |||| 00| 0 eng d | ||
| 999 | |c 443533 |d 443531 | ||
| 020 | |a 9788411978286 | ||
| 040 | |c Pontificia Universidad Católica de Valparaíso | ||
| 082 | 0 | 4 | |2 22 |a 336.340983 MAR 2024 |
| 100 | |a Marmolejo González, Críspulo Mario |e autor |9 602388 | ||
| 245 | 1 | 0 | |a Deuda externa Chilena y negociación (1983-1989). Aspectos jurídicos-económicos |
| 260 | |a Valencia, España: |b Tirant lo Blanch, |c 2024 | ||
| 300 | |a 192 páginas | ||
| 490 | 0 | |a Empresas | |
| 500 | |a c.2 Donación Memo DER N°028. 31/05/2024. | ||
| 583 | |k GC |c 20240425 | ||
| 650 | 1 | |a Deuda externa |x Aspectos jurídicos y económicos |9 888602 |z Chile | |
| 650 | 1 | |a Crisis financiera |9 435234 |z Chile | |
| 942 | |2 ddc |c BK | ||
| 952 | |0 0 |1 0 |2 ddc |4 0 |6 336_340983000000000_MAR_2024 |7 0 |8 C_LRYV |9 594134 |a BIBDER |b BIBDER |c F_LRYV |d 2024-04-17 |e 22 |g 29000.00 |i 5660767 |o 336.340983 MAR 2024 |p 5660767 |r 2024-04-17 |t 1 |v 29000.00 |w 2024-04-17 |y BK |k DER | ||
| 952 | |0 0 |1 0 |2 ddc |4 0 |6 336_340983000000000_MAR_2024 |7 0 |8 A |9 594940 |a BIBDER |b BIBDER |d 2024-06-03 |e Donación |i 5661457 |l 1 |o 336.340983 MAR 2024 |p 5661457 |r 2024-08-22 |s 2024-08-20 |t 2 |w 2024-06-03 |y BK |k DER | ||